[Event "CB-Emu swiss"]
[Site "?"]
[Date "2017.04.13"]
[Round "2"]
[White "Berlin Pro London V5.00, Mephisto"]
[Black "Super Expert A, Novag"]
[Result "1-0"]
[WhiteElo "2330"]
[BlackElo "2060"]
[Annotator "Komodo 10.3 32-bit (60s)"]
[PlyCount "117"]
[EventDate "2017.??.??"]

{D18: Damengambit (Slawische Verteidigung, Hauptvariante)} 1. d4 d5 2. c4 c6 3.
Nf3 Nf6 4. Nc3 dxc4 5. a4 Bf5 6. e3 e6 7. Bxc4 Bb4 8. O-O O-O 9. Nh4 Bg4 10. f3
Bh5 11. g4 Bg6 12. e4 Nbd7 13. g5 Ne8 {erster berechneter Zug Schwarz} 14. Nxg6
hxg6 15. Be3 Nd6 (15... Nc7 16. Qd2 c5 17. Rad1 Qe7 18. d5 exd5 19. exd5 Ne8
20. Bf4 Ne5 21. d6 Nxd6 22. Ba2 c4 23. Nd5 Bc5+ 24. Kh1 Qe6 25. Bxe5 {1-0 (25)
Jussupow,A (2645)-Torre,E (2540) Leningrad 1987}) (15... e5 16. dxe5 Nxe5 17.
Qxd8 Rxd8 18. Be2 a5 19. Na2 Be7 20. Rfd1 Nd7 21. Rd2 Nc7 22. Rad1 Nb8 23. h4
Ne6 24. Kf2 Rxd2 25. Rxd2 Rd8 26. Rxd8+ Bxd8 27. f4 Nd7 28. Bc4 Nec5 29. Nc3
Kf8 30. Kf3 {Kuljasevic,D (2550)-Iliev,I (2203) Sunny Beach 2014 1/2-1/2 (44)})
16. Be2 e5 $146 {Jetzt erst muss auch der Genius London rechnen...} (16... c5
17. Na2 a5 (17... Qe7 18. Nxb4 cxb4 19. a5 b6 20. Qb3 Nb7 21. axb6 Nxb6 22. Ba6
Nd8 23. Rfc1 Qd6 24. Qc2 Re8 25. Qc5 {1-0 (25) Verhoef,H-Leifeld,J QTHC-5/4
1994}) 18. Nxb4 cxb4 19. Qd2 Qe7 20. Rac1 Rac8 21. Rxc8 Rxc8 22. Rc1 Qd8 23.
Rc2 Nb6 24. b3 Nd7 25. Qc1 Rxc2 26. Qxc2 Kf8 27. Kg2 Qb6 28. Bf2 Qc6 29. Qd3
Qc1 30. Be3 Qb2 31. Bd2 {Leviczki,T (2205)-Koczo,K (2122) Paks 2002 1-0 (58)})
17. dxe5 Nxe5 18. Qb3 Qa5 19. Kg2 {Ich hätte jetzt mit Tfd1 gerechnet. Aber
der Zug verdirbt nichts...} Rfd8 (19... Rad8 20. Bf4 Rfe8 21. Rfd1 $14) 20.
Rfd1 {Positionell und solide. Aber mir schwebte an dieser Stelle ein Opfer vor
dem geistigen Auge. 20. Sb5! Der Springer darf nicht geschlagen werden. 20. ...
cxb5 21. axb5 Dc7 22. Tfc1 und Weiss hat gefährlichen Angriff} (20. Bf4 Nd7 21.
Na2 Bc5 $14) 20... Nd7 $14 {Der Springer plant Se5-d7-f8-e6-f4} 21. Na2 Bc5 22.
Bf4 Nf8 23. Be5 (23. Qc3 Qxc3 24. bxc3 Ne6 $14) 23... Ne6 $11 24. h4 Bb4 $6 {
Was er da will erschließt sich mir nicht. Erneut ergibt sich für Weiß die
Chance einen Angriff zu starten.} (24... Rd7 25. Qc3 Qd8 26. Nc1 $11) 25. Bxg7
$1 {Auf 25. Sxb4 wäre natürlich Dxe5 gefolgt. Also kann man auch gleich auf g7
einschlagen.} (25. f4 $5 Bc5 26. h5 $14) 25... Nf4+ $11 {Hier kann der
schwarze Springer nicht durch Bauern angegriffen werden} 26. Kf1 Bc5 {frech
wäre jetzt 26. ...Sf5 gewesen, z.B. 27. Txd8+ Txd8 28. Dxxb4 Axb4 29. Sxb4
Sxg7. Aber solcherlei taktische Scharmünzel liegen dem Super Expert nicht.} (
26... Bd2 27. Bc3 Bxc3 28. Qxc3 $11) 27. Bf6 {Lässt den Novag nicht zur Ruhe
kommen.... Weiß droht Materialgewinn: Lf6xd8. Der Läufer steht aktiv} (27. Be5
Nxe2 28. Kxe2 Qa6+ 29. Rd3 $16) 27... Rd7 (27... Qc7 28. Qc3 Qd7 29. Qxc5 Qh3+
30. Ke1 Nxe4 31. fxe4 Qxh4+ 32. Qf2 Qh1+ 33. Bf1 Qxe4+ 34. Be2 Qh1+ 35. Qf1
Qh4+ 36. Qf2 Qh1+ 37. Qf1 Qh4+ 38. Qf2 Qh1+ $11) 28. Nc1 {Besser ist Dc3 und
Damentausch. Aber auch mit dem Textzug steht der Genius gut.} (28. Qc3 $142 $5
Qxa4 29. Bh8 $16) 28... Re8 29. Qc2 {Viel zu zahm. Besser war Lc3. Nun hat
Schwarz die Chance dagegen zu halten.} (29. Qc3 Nf5 30. Rxd7 Ng3+ 31. Ke1 Bb4
$11) 29... Be3 $2 {Allerdings nicht so... 29. ...Sf5 30. exf5 Txd1 31. Dxd1
Sd5 nebst Se3+ hätte Schwarz in Vorteil gebracht. Nun bleibt Weiss am Ruder} (
29... Nf5 $142 30. exf5 Rxd1+ 31. Qxd1 Nd5 $17) 30. Nb3 $4 {gibt den Vorteil
aus der Hand} (30. Qc3 $5 {ist zu prüfen} Qc7 31. Rxd6 Qxd6 32. Qxe3 $14) 30...
Qb6 $4 {wirft den Vorteil weg} (30... Qc7 $142 $5 31. Nd4 c5 $19) 31. a5 (31.
Ra3 Nh5 32. Nd4 $17) 31... Qc7 $19 {Zwar steht Weiss nach wie vor besser, auch
wenn Komodo das anders sehen mag, doch der Druck ist aus der Stellung raus.
Der Novag verkauft sich allerdings ebenfalls sehr gut.} 32. Bd4 $4 {Das
scheint mir ein Fehler zu sein. Rein gefühlsmäßig sagt mir 32. a6 mehr zu.
Aber vielleicht weiss Kommodo in der Nachanalyse mehr... Komodo: ein Fehler,
doch es war nicht viel zu retten} (32. Nd4 Nxe4 33. fxe4 $19) 32... Bxd4 (32...
Nd5 $142 {und Weiß kann direkt aufgeben} 33. exd5 Nf5 $19) 33. Nxd4 $15 Red8
34. Nb3 Nb5 {Nicht wirklich gut. Aber Se8 war ihm wohl zu passiv.} (34... b6
35. Kg1 c5 36. axb6 Qxb6 $19) 35. Bxb5 $11 Rxd1+ 36. Rxd1 Rxd1+ 37. Qxd1 cxb5
38. Qc1 Qd6 39. Qd2 {Weiss will auf Teufel komm raus die Damen tauschen. Und
fürwahr. Das Endspiel wäre mit der Bauernmajorität am Königsflügel
durchaus vorteihaft....} Qc7 40. Nc5 $1 {Kurz vor der Zeitkontrolle noch ein
Paukenschlag.} Qxc5 41. Qxf4 a6 {Das Damenendspiel mit einem Mehrbauern hat
der Genius erreicht. Doch muss man das erst mal gewinnen...} (41... b4 42. Ke2
$11) 42. Ke2 {logischer erscheint sofortiges e5} (42. e5 $142 $5 Qc6 43. b4 $16
) 42... Qc4+ $11 {und plötzlich sieht die Sache doch sehr remislich aus...} 43.
Ke1 Qd4 44. Qd2 Qg1+ 45. Ke2 Qh2+ 46. Kd3 Qxh4 {Da isser weg, der Mehrbauer.
Der Verdacht auf Remis beginnt sich zu erhärten....} 47. b4 Qg3 48. Qe3 Qh3 49.
Qf2 Qh1 {Tja, die Bewertungen beider Rechner kreisen immer um die 0,00. Mal 0,
03 höher mal 0,03 niedriger. Bis zum 60. geb ich Ihnen noch... danach wird
abgeschätzt sofern sich die Bewertung nicht ändert...} 50. Ke3 Qa1 51. Qd2 Qe5
52. Qd8+ Kg7 $4 {... und raufte sich die Haare. Wird wohl doch nichts mit dem
Remis. Ein böser Fehler. Der König hätte nach h7 gehört. Schwarz darf den
Damentausch nicht zulassen. Nun ist das Endspiel nach Dd4 für Weiss gewonnen.}
(52... Kh7 $142 $11 {war notwendig}) 53. Qd4 $18 f6 {Ein letzter Trick. Nach
54. Dxe5 fxe5 hofft Schwarz dass der e-Bauer blockiert und er das Eindringen
des Königs verhindern kann.} 54. Qd7+ {Schade. Nach 54. gxf6 Dxf6 55. Dxf6
Kxf6 56. Kd4 wäre das Spiel vorbei gewesen... Trotz Denktiefe 9/21 fehlt es
dem Genius hier an Wissen.} (54. gxf6+ {gibt noch größeren Vorteil} Kxf6 55. f4
Qxd4+ 56. Kxd4 Ke7 $18) 54... Kf8 55. Qc8+ (55. Qd8+ $142 {und Weiß gewinnt}
Kf7 56. Qxf6+ Qxf6 57. gxf6 Kxf6 58. Kd4 $18) 55... Kf7 56. Qxb7+ Kf8 57. Qc8+
Kf7 58. Qd7+ Kf8 59. Qd8+ {Und das wars. Der Genius London zeigt eine
Bewertung von 6.66 (was für ene teuflische Zahl). Nach 59. ...Kf7 (oder Kg7)
60. Dxf6+ Dxf6 61. gxf6+ Kxf6 62. Kd4 sind die Bauern nicht mehr zu halten.} (
59. Qd8+ Kf7 60. Qxf6+ Qxf6 61. gxf6 Kxf6 62. Kd4 Ke6 63. e5 g5 64. Ke4 Ke7 65.
Kd5 Kd7 66. e6+ Ke7 67. Ke5 Ke8 68. Kd6 g4 69. fxg4 Kd8 70. g5 Ke8 71. g6 Kf8
72. e7+ Ke8 73. g7 Kf7 74. e8=Q+ Kxg7 75. Ke6 Kh6 76. Kf6 Kh7 77. Qg6+ Kh8 78.
Qg7#) 1-0

[Event "CB-Emu swiss"]
[Site "?"]
[Date "2017.04.14"]
[Round "2"]
[White "Academy, Mephisto"]
[Black "Berlin Pro, Mephisto"]
[Result "0-1"]
[WhiteElo "2040"]
[BlackElo "2330"]
[Annotator "Komodo 10.3 32-bit (60s)"]
[PlyCount "118"]
[EventDate "2017.??.??"]

{A28: Englische Eröffnung (Vierspringer-Variante)} 1. c4 e5 2. Nf3 Nc6 3. Nc3
Nf6 4. e3 Bb4 5. Qc2 Bxc3 6. Qxc3 Qe7 7. a3 d5 8. d4 (8. b4 d4 9. Qb2 O-O (9...
Bg4 10. b5 Bxf3 11. gxf3 Nd8 12. Qb4 Ne6 13. Qxe7+ Kxe7 14. a4 Nd7 15. Ba3+
Ndc5 16. f4 Kf6 17. fxe5+ Kxe5 18. Rg1 Nxa4 19. Be7 Nac5 20. f4+ Ke4 21. Ke2
dxe3 22. dxe3 h6 23. Rd1 {1-0 (23) Petkov,V (2522)-Dittmar,P (2332) Cesenatico
ITA 2012}) 10. b5 Nd8 11. Qb4 c5 12. bxc6 Qc7 13. cxb7 Bxb7 14. a4 Ne6 15. Be2
Rab8 16. Qa3 d3 17. Bd1 e4 18. Nh4 Nd7 19. Nf5 Ne5 20. Qd6 Qa5 21. Rb1 Nxc4 22.
Rb5 Qxb5 {Wu Wenjin (2548)-Yakovich,Y (2591) Moscow 2004 1-0 (78)}) 8... Nxd4
9. Nxe5 $146 {Kann man natürlich spielen, wenn man früh die Damen tauschen
will. Ich hätte Sxd4 bevorzugt} (9. Nxd4 Ne4 10. Qc2 exd4 11. cxd5 O-O 12. Bd3
Re8 13. O-O dxe3 14. Bxe3 Bf5 15. Rac1 Qe5 16. Qxc7 Qxd5 17. Bc4 Qd7 18. Qxd7
Bxd7 19. Bd5 Nd6 20. Bf4 Be6 21. Bf3 Rad8 22. Rc7 a5 23. Bxd6 Rxd6 {Bensberg,
G-Buchholz,R corr., BdF, 1.BK/Gr3 Br3 1997 1/2-1/2}) 9... Qxe5 10. Qxd4 Qxd4
11. exd4 O-O 12. Be3 Re8 13. Be2 dxc4 14. Bxc4 Be6 {Da will wohl jemand
schnell ins Endspiel...} 15. b3 {Ld3 dürfte die bessere Alternative sein} Bxc4
(15... Nd5 16. Kd2 $11) 16. bxc4 $11 Ng4 17. Kd2 Rad8 18. h3 Nxe3 19. fxe3 {
schnell wurde in ein gleichstehendes Doppelturmendspiel abgewickelt. Das
riecht gewaltig nach einem Unentschieden. Aber selbstverständlich müssen
unsere Helden dafür noch etwas arbeiten...} b6 20. Kd3 f6 21. e4 Kf7 22. g4 Rd7
23. Rad1 Kg6 (23... Re5 24. a4 $11) 24. h4 (24. Rdf1 c6 $11) 24... Rde7 (24...
Re5 25. a4 $11) 25. Rde1 h5 26. Rhg1 a5 27. Re2 hxg4 28. Rxg4+ Kh6 29. Reg2 Rf7
30. Rg6+ Kh7 31. h5 Rfe7 (31... c5 32. Rb2 $14) 32. R2g4 $14 Rf8 33. Rf4 Rfe8
34. Rgg4 Rd7 35. Rf5 a4 36. Rg2 Rde7 37. Rf4 {Plant Tf5-f4-g4-g6} Kh6 38. Rfg4
Rf7 39. Rg6+ {Der Turm hat sein Ziel erreicht} Kh7 40. R2g4 c5 {Beide spielen
das Endspiel sehr vorsichtig und bedacht. Trotzdem haben sich die Formationen
aber nicht festgefahren. Insofern... gönnen wir uns einfach noch ein wenig
mehr....} 41. d5 {Weiß hat einen neuen gedeckten Freibauern: d5} Re5 42. Rh4
Rfe7 43. Rg3 Kh6 44. Rgh3 (44. Rg2 Kh7 $11) 44... Rg5 45. Ke2 {Tja, die
Möglichkeit zur Zugwiederholung war da... Aber leider hat es der Weisse
akademisch versaut...} Rg2+ {...oder auch nicht. 45. ...b5 46. cxb5 Txd5 wäre
für Weiss noch gefährlich geworden.} 46. Kd1 Rb7 (46... Re8 47. d6 $15) 47. Rh1
{erneut ergibt sich die Chance zu b5. Diesmal mit Turmunterstützung von b7 aus.
} (47. Rh2 $5 {kam sehr in Betracht} Rg1+ 48. Kd2 $11) 47... b5 {und diesmal
sieht er es auch...} 48. cxb5 (48. R4h2 $142 $5 Rg4 49. Re1 bxc4 50. Re3 $17)
48... Rxb5 $19 49. Kc1 Rb3 (49... Rbb2 $142 {ist der schnellste Weg} 50. R4h3
Rbc2+ 51. Kb1 c4 $19) 50. R1h3 Ra2 {stärker sieht 50. ...c4 aus} 51. Rxb3 axb3
52. Rh3 Rxa3 $4 {Tc2+ wäre wahrscheinlich erfolgversprechender.. nach dem
Textzug kann Schwarz alle Träume begraben, zumndest wenn der Weisse richtig
reagiert.} (52... Rc2+ $142 {und Schwarz bekommt die Oberhand} 53. Kb1 c4 $19)
53. Kb2 $11 Ra4 54. Kxb3 {Und wieder sind wir im Remisbereich.. .} Rxe4 55. Kc3
g5 56. hxg6+ {Ein sicherer Weg ins Remis wäre d6 gewesen. Nun kann Schwarz
noch ins Spiel kommen, wenn Weiss nicht aufpasst.} Kxg6 57. Rh2 $4 {Ein
schwerer Fehler. Mit d6 hätte Weiss vielleicht noch schummeln können. Jetzt
aber hat Schwarz nochmal Gewinnchancen.} (57. d6 $142 {ist gerade noch spielbar
} Kf7 58. Rh7+ Ke8 59. Rc7 $11) 57... Rd4 $19 58. Rd2 {Bei Denktiefe 10 so ein
Fehler! Der Academy hat wirklich keine Ahnung vom Endspiel. Nach dem
Turmtausch ist die Partie vorbei. Der Berlin Pro springt in der Bewertung auch
sofort auf +6.} Rxd2 59. Kxd2 Kf5 {Der d-Bauer wird erobert und gegen 2
Freibauern kann der weisse König nicht ankommen. Unglaublich was für einen
Bock der Academy da geschossen hat...} (59... Kf5 60. d6 Ke6 61. d7 Kxd7 62.
Kc3 Kc6 63. Kc4 f5 64. Kd3 Kd5 65. Ke2 Kd4 66. Kd1 c4 67. Kc2 f4 68. Kd1 Kd3
69. Ke1 c3 70. Kd1 f3 71. Ke1 c2 72. Kf2 Ke4 73. Kg1 c1=Q+ 74. Kf2 Qd2+ 75. Kg3
Qg5+ 76. Kf2 Qg2+ 77. Ke1 Qe2#) 0-1

[Event "CB-Emu swiss"]
[Site "?"]
[Date "2017.04.15"]
[Round "2"]
[White "RISC 2500, Saitek"]
[Black "Milano, Mephisto"]
[Result "1-0"]
[WhiteElo "2350"]
[BlackElo "2060"]
[Annotator "Komodo 10.3 32-bit (60s)"]
[PlyCount "91"]
[EventDate "2017.??.??"]

{D56: Damengambit (Moderne Lasker-Verteidigung) D56: Damengambit (Moderne
Lasker-Verteidigung)} 1. d4 d5 2. c4 e6 3. Nc3 Nf6 4. Nf3 Be7 5. Bg5 O-O 6. e3
h6 7. Bh4 Ne4 8. Bxe7 Qxe7 9. Rc1 c6 10. Bd3 Nxc3 11. Rxc3 dxc4 12. Rxc4 Nd7
13. O-O {erster berechneter Zug des RISC} e5 14. Qc2 Nb6 {erster berechneter
Zug Milano} (14... exd4 15. exd4 Nf6 16. Rc5 Nd5 17. a3 Be6 18. b4 Rfd8 19. Re1
Qf6 20. Bh7+ Kh8 21. Be4 Nc7 22. Re5 Nb5 23. Qc5 b6 24. Qxc6 Nxd4 25. Qc1 Rac8
26. Qe3 Bg4 27. Bb1 Nxf3+ 28. gxf3 Be6 29. f4 {Pinter,J (2580)-Sturua,Z (2545)
Manila 1992 1/2-1/2 (51)} g6 30. Be4 g5 31. Bb1 Qxf4 32. Qxf4 gxf4 33. Bf5 Bd7
34. Kg2 Kg7 35. Bxd7 Rxd7 36. a4 Rc4 37. R1e4 Rcd4 38. Rxd4 Rxd4 39. Rb5 Kf6
40. a5 Rd6 41. Kf3 Ke6 42. Rh5 Rd3+ 43. Kg4 Rd4 44. Rxh6+ {Pinter,J (2580)
-Sturua,Z (2545) Manila 1992 1/2-1/2 (51)}) 15. Rc5 exd4 16. Nxd4 Nd5 17. Rc4
$146 (17. Qc1 f5 18. Re1 Qd6 19. Bb1 Bd7 20. a3 Rae8 21. b4 Rf6 22. Ba2 Kh8 23.
Bxd5 cxd5 24. Qc3 f4 25. Qb3 fxe3 26. Rxe3 Qf4 27. Rxe8+ Bxe8 28. Qe3 Bf7 29.
Rc8+ Kh7 30. h3 Qd6 31. Qc3 Qb6 {Korn,A (2011)-Bloder,F (1743) Austria 2013
1-0 (74)} 32. Rc5 a6 33. Qe3 Rg6 34. Qe5 Rg5 35. Qe7 Qg6 36. g3 Qd3 37. Qxf7
Qxd4 38. Kg2 Qe4+ 39. Qf3 Qe6 40. Qd3+ Kg8 41. Rc7 b5 42. Qd4 Rg6 43. Rb7 Qe4+
44. Qxe4 dxe4 45. Re7 Rd6 46. Rxe4 Rd3 {Korn,A (2011)-Bloder,F (1743) Austria
2013 1-0 (74)}) (17. Nf5 Qf6 18. a3 Rd8 19. Rc4 Be6 20. Nd4 Bd7 21. Be4 Be6 22.
Nxe6 Qxe6 23. Rd4 Nf6 24. Rfd1 Rxd4 25. Rxd4 Nxe4 26. Rxe4 Qg6 27. Qd3 Qf6 28.
Qc2 Rd8 29. h3 Qg6 30. Rc4 {1/2-1/2 (30) Kopasov,E (2086)-Bekhovskiy,M (1818)
St Petersburg 2010}) 17... Nb4 {Klüger wäre vielleicht gewesen mit Sb6 ein
frühes Remis anzustreben....} (17... c5 18. Nf5 Bxf5 19. Bxf5 $11) 18. Bh7+
Kh8 19. Qe4 Re8 20. Qxe7 Rxe7 21. Bf5 a5 22. Rd1 Re8 (22... Bd7 23. a3 Nd5 24.
Rcc1 $14) 23. a3 $14 Nd5 24. Rc5 (24. Bxc8 Rexc8 25. Nf5 Nb6 $14) 24... Bxf5
$11 25. Nxf5 {Objektiv mag Weiss vielleicht ein wenig besser stehen. Aber man
kann keine wirklichen Schwächen in der schwarzen Stellung erkennen, die
anzugreifen sich lohnen würde.} Re6 26. Rcc1 g6 27. Ng3 f5 28. h4 Rf8 {
Schwarz plant f4} 29. h5 (29. Ne2 g5 $11) 29... g5 {Schwarz bereitet f4 vor.}
30. Rd4 f4 {Der Milano spielt sehr innovativ. Der Minoritätsangriff auf dem
Damenflügel hat nicht nur den RISC sondern auch mich überrascht. Die Stellung
ist zwar nach wie vor ausgeglichen doch nun hat der RISC noch einiges in Petto}
31. exf4 Nxf4 32. Rd7 Ne2+ 33. Nxe2 Rxe2 34. f3 Rxb2 (34... g4 35. fxg4 Rff2
36. Kh2 $11) 35. Re1 $14 {Damit ist mindestens das Remis gesichert. Aber der
RISC will mehr...} Kg8 36. Ree7 Rf4 $2 (36... Rf6 $142 $14 {und Schwarz spielt
mit}) 37. Rg7+ $18 Kf8 38. Rh7 Ke8 39. Rc7 {Während der Milano nun schon seit
mehreren Zügen mit der Bewertung 0.00 im siebten Himmel der Remisträume
schwelgt plant der RISC bereits die Verbesserung seiner Stellung.} Kd8 {
Der Milano hat fast 14 Minuten in diesen Zug investiert um zu merken, dass es
mit den Remisträumen wohl doch nichts wird...} 40. Rcg7 Rf8 $2 (40... Ke8 $142
$18) (40... Rb1+ 41. Kh2 Ke8 $18) 41. Rxh6 Rb3 (41... Kc8 {würde die Partie
unwesentlich verlängern} 42. Rhg6 Rb1+ 43. Kf2 Rf4 44. Rxg5 Kb8 45. Rxa5 Rc1
$18) 42. Rd6+ Kc8 43. h6 g4 (43... Rf4 {hätte noch versucht werden können} 44.
Re6 Kb8 45. Re8+ Ka7 $18) 44. h7 {Tja, so schnell kann es gehen...} Re3 45. Rg8
Re1+ 46. Kh2 {An dieser Stelle für Schwarz aufgegeben. Eine großartige
Leistung beider Gegner. Letztlich war der RISC ein wenig vorausschauender.} (
46. Kh2 g3+ 47. Kxg3 $18) 1-0